Institutionum Grammaticarum libri primi pars 2

Bibliographic Details
Main Author: Álvares, Manuel, 1526-1583 (Author)
Format: Book
Language:Latin
PhysicalDescription:

MARC

LEADER 00000nam a2200000 a 4500
001 vtls001148850
003 SK-MaSNL
005 20260301063151.0
008 240314s xx 0 lat
035 |a SNK000091710 
040 |a SNK  |b slo  |c SNK  |e AACR2 
100 1 |a Álvares, Manuel,  |d 1526-1583  |4 aut  |9 72207 
245 1 0 |a Institutionum Grammaticarum libri primi pars 2  |c Emmanuel Alvarus 
260 |e Budae  |f s.n.Budae  |g 1805 
300 |c 8° 
999 |c 623137  |d 625067 
952 |a SNK  |b SNK  |y PREZ  |7 0  |p 17A0243143  |o snkSD 2498/1-2 D1  |i snkF 1545/67  |8 5  |0 0  |1 0  |4 0  |d 1996-05-30  |l 0  |r 2005-01-01 00:00:00  |w 2026-02-23 
952 |t P60, <03>, [BOOK], {603}  |a SNK  |b SNK  |y PREZ  |7 0  |o snkSD 2498/1-2  |i snk357/34  |0 0  |1 0  |4 0  |d 1996-05-30  |l 0  |r 2005-01-01 00:00:00  |w 2026-02-23